Countries that Produce the Most Cucumbers - Statistics

General Stats
  • This quiz has been taken 104 times
    39 since last reset
  • The average score is 14 of 20
Answer Stats
Production
(metric tonnes)
Country % Correct
595,630 United States
100%
77,258,256 China
97%
1,078,210 Mexico
91%
1,635,903 Russia
91%
548,600 Japan
85%
233,710 Germany
82%
769,970 Spain
79%
1,938,545 Turkey
79%
411,361 Iran
76%
825,590 Ukraine
76%
484,425 Egypt
74%
472,200 Poland
71%
275,203 South Korea
71%
444,057 Indonesia
62%
568,748 Kazakhstan
59%
400,130 Netherlands
53%
904,390 Uzbekistan
53%
257,203 Tajikistan
38%
246,572 Azerbaijan
29%
262,121 Cameroon
6%
No matching quizzes found
Score Distribution
Percent of People with Each Score
Percentile by Number Answered
Your Score History
You have not taken this quiz since the last reset